00335nam a2200133Ia 4500008004100000041000800041082001200049100001700061245004500078260003700123300002400160365001100184440000600195240624s9999 xx 000 0 und d aeng a954 VIY aVIYOGI NAVAL aHISTORY OF THE LATER HARAPPANS AND SHILP c2010aDelhibKaplaz Publications a298 : p. : cm. ; 22 cRSb30 v1